| 000 | 00662nam a22002057a 4500 | ||
|---|---|---|---|
| 003 | SISC | ||
| 005 | 20170712150843.0 | ||
| 008 | 170711b xxu||||| |||| 00| 0 eng d | ||
| 020 | _a9781138901810 | ||
| 050 |
_aG 155.A1.B553 _bB715 2016 |
||
| 100 | _aBoniface, Brian G. | ||
| 245 |
_aWorldwide destinations : _bthe geography of travel and tourism / _cBrian Boniface, Robyn Cooper and Chris Cooper. |
||
| 250 | _a7th edition. | ||
| 260 |
_aNew York : _bRoutledge, _c2016. |
||
| 300 |
_axiii, 732 pages : _billustrations ; _c24.5 cm. |
||
| 500 | _aIncludes bibliographical references and index. | ||
| 650 | _aTourism. | ||
| 650 | _aTravel. | ||
| 942 |
_2lcc _cBK |
||
| 999 |
_c340263 _d340263 |
||